MARC

LEADER 00000nas a2200000 a 4500
001 ssj0000816102
003 WaSeSS
005 20200512172242.0
006 m d
007 cr n
008 120109c20079999pe ar ss 0 b0spa c
010 |a  2013228552 
022 |a 1996-5214  |l 1996-5214 
035 |a (WaSeSS)ssj0000816102 
040 |a AU@  |b eng  |c AU@  |d JPG  |d OCLCQ  |d JPG  |d CUS  |d OCLCF  |d CUS  |d OCLCO  |d OCLCQ  |d WaSeSS 
041 0 |a spa  |a eng 
042 |a pcc 
050 1 4 |a CC75  |b .A73 
222 0 |a Archaeobios 
245 0 0 |a Archaeobios  |h [electronic resource]. 
246 1 |a Revista Archaeobios 
246 1 |a Revista de biogarqueología "Archaeobios" 
260 |a Trujillo, Perú :  |b Centro de Investigaciones Arqueobiológicas y Paleoecológicas Andinas, "Arqueobios" 
310 |a Annual 
362 1 |a Began with no. 1, vol. 1 (2007). 
506 |a License restrictions may limit access. 
515 |a Each vol. complete in one issue. 
546 |a From 2008-, articles in Spanish or English; abstracts in Spanish and English. 
588 |a Description based on: No. 1, vol. 1 (2007); title from PDF title page (publisher's Web site, viewed July 9, 2012). 
588 |a Latest issue consulted: No. 5, vol. 1 (diciembre 2011) (viewed July 9, 2012). 
650 0 |a Archaeology  |x Methodology  |v Periodicals. 
650 0 |a Paleontology  |v Periodicals. 
650 0 |a Indians of South America  |x Antiquities  |v Periodicals. 
650 7 |a Archaeology  |x Methodology.  |2 fast  |0 (OCoLC)fst00812969 
650 7 |a Indians of South America  |x Antiquities.  |2 fast  |0 (OCoLC)fst00969969 
650 7 |a Paleontology.  |2 fast  |0 (OCoLC)fst01051513 
655 0 |a Electronic journals. 
710 2 |a Centro de Investigaciones Arqueobiológicas y Paleoecológicas Andinas. 
856 4 0 |z Full text available from Research Library: 08/01/2007 to present  |u https://search.proquest.com/publication/2045892